<?xml version="1.0" encoding="UTF-8"?>
<record
    xmlns:xsi="http://www.w3.org/2001/XMLSchema-instance"
    xsi:schemaLocation="http://www.loc.gov/MARC21/slim http://www.loc.gov/standards/marcxml/schema/MARC21slim.xsd"
    xmlns="http://www.loc.gov/MARC21/slim">

  <leader>00364nam a22001697a 4500</leader>
  <controlfield tag="003">SGT</controlfield>
  <datafield tag="020" ind1=" " ind2=" ">
    <subfield code="a">9780702051449</subfield>
  </datafield>
  <datafield tag="082" ind1=" " ind2=" ">
    <subfield code="a">614.4</subfield>
    <subfield code="b">P14R</subfield>
  </datafield>
  <datafield tag="100" ind1=" " ind2=" ">
    <subfield code="a">REES, JUDITH A . ed</subfield>
  </datafield>
  <datafield tag="245" ind1=" " ind2=" ">
    <subfield code="a">PHARMACEUTICAL PRACTICE</subfield>
  </datafield>
  <datafield tag="250" ind1=" " ind2=" ">
    <subfield code="a">5th</subfield>
  </datafield>
  <datafield tag="260" ind1=" " ind2=" ">
    <subfield code="a">LONDON</subfield>
    <subfield code="b">ELSEVIER</subfield>
    <subfield code="c">2014</subfield>
  </datafield>
  <datafield tag="300" ind1=" " ind2=" ">
    <subfield code="a">552</subfield>
  </datafield>
  <datafield tag="650" ind1=" " ind2=" ">
    <subfield code="a">PRACTICE</subfield>
  </datafield>
  <datafield tag="653" ind1=" " ind2=" ">
    <subfield code="a">PHARMACEUTICAL</subfield>
  </datafield>
  <datafield tag="942" ind1=" " ind2=" ">
    <subfield code="2">ddc</subfield>
    <subfield code="c">BK</subfield>
  </datafield>
  <datafield tag="952" ind1=" " ind2=" ">
    <subfield code="0">0</subfield>
    <subfield code="1">0</subfield>
    <subfield code="2">ddc</subfield>
    <subfield code="4">0</subfield>
    <subfield code="5">1</subfield>
    <subfield code="7">0</subfield>
    <subfield code="8">FP</subfield>
    <subfield code="a">APL</subfield>
    <subfield code="b">APL</subfield>
    <subfield code="c">REF</subfield>
    <subfield code="d">2022-06-27</subfield>
    <subfield code="e">AHUJA PUBLICATION</subfield>
    <subfield code="g">2700.00</subfield>
    <subfield code="i">SGTU</subfield>
    <subfield code="o">614.4 P14R</subfield>
    <subfield code="p">FP4284</subfield>
    <subfield code="r">2022-06-27 00:00:00</subfield>
    <subfield code="w">2022-05-19</subfield>
    <subfield code="y">BK</subfield>
    <subfield code="k">14474</subfield>
  </datafield>
  <datafield tag="952" ind1=" " ind2=" ">
    <subfield code="0">0</subfield>
    <subfield code="1">0</subfield>
    <subfield code="2">ddc</subfield>
    <subfield code="4">0</subfield>
    <subfield code="5">1</subfield>
    <subfield code="7">0</subfield>
    <subfield code="8">FP</subfield>
    <subfield code="a">APL</subfield>
    <subfield code="b">APL</subfield>
    <subfield code="c">REF</subfield>
    <subfield code="d">2022-06-27</subfield>
    <subfield code="e">AHUJA PUBLICATION</subfield>
    <subfield code="g">2700.00</subfield>
    <subfield code="i">SGTU</subfield>
    <subfield code="o">614.4 P14R</subfield>
    <subfield code="p">FP4285</subfield>
    <subfield code="r">2022-06-27 00:00:00</subfield>
    <subfield code="w">2022-05-19</subfield>
    <subfield code="y">BK</subfield>
    <subfield code="k">14474</subfield>
  </datafield>
  <datafield tag="952" ind1=" " ind2=" ">
    <subfield code="0">0</subfield>
    <subfield code="1">0</subfield>
    <subfield code="2">ddc</subfield>
    <subfield code="4">0</subfield>
    <subfield code="5">1</subfield>
    <subfield code="7">0</subfield>
    <subfield code="8">FP</subfield>
    <subfield code="a">APL</subfield>
    <subfield code="b">APL</subfield>
    <subfield code="c">REF</subfield>
    <subfield code="d">2022-06-27</subfield>
    <subfield code="e">AHUJA PUBLICATION</subfield>
    <subfield code="g">2700.00</subfield>
    <subfield code="i">SGTU</subfield>
    <subfield code="o">614.4 P14R</subfield>
    <subfield code="p">FP4286</subfield>
    <subfield code="r">2022-06-27 00:00:00</subfield>
    <subfield code="w">2022-05-19</subfield>
    <subfield code="y">BK</subfield>
    <subfield code="k">14474</subfield>
  </datafield>
  <datafield tag="952" ind1=" " ind2=" ">
    <subfield code="0">0</subfield>
    <subfield code="1">0</subfield>
    <subfield code="2">ddc</subfield>
    <subfield code="4">0</subfield>
    <subfield code="5">1</subfield>
    <subfield code="7">0</subfield>
    <subfield code="8">FP</subfield>
    <subfield code="a">APL</subfield>
    <subfield code="b">APL</subfield>
    <subfield code="c">REF</subfield>
    <subfield code="d">2022-06-27</subfield>
    <subfield code="e">AHUJA PUBLICATION</subfield>
    <subfield code="g">2700.00</subfield>
    <subfield code="i">SGTU</subfield>
    <subfield code="o">614.4 P14R</subfield>
    <subfield code="p">FP4287</subfield>
    <subfield code="r">2022-06-27 00:00:00</subfield>
    <subfield code="w">2022-05-19</subfield>
    <subfield code="y">BK</subfield>
    <subfield code="k">14474</subfield>
  </datafield>
  <datafield tag="999" ind1=" " ind2=" ">
    <subfield code="c">22940</subfield>
    <subfield code="d">22940</subfield>
  </datafield>
</record>
